Fox in socks, (Record no. 191)
[ view plain ]
| 000 -LEADER | |
|---|---|
| fixed length control field | 01123nam a22002417a 4500 |
| 001 - CONTROL NUMBER | |
| control field | 191 |
| 003 - CONTROL NUMBER IDENTIFIER | |
| control field | FISKH |
| 005 - DATE AND TIME OF LATEST TRANSACTION | |
| control field | 20230303103442.0 |
| 008 - FIXED-LENGTH DATA ELEMENTS--GENERAL INFORMATION | |
| fixed length control field | 230303b cb ||||| |||| 00| 0 eng d |
| 040 ## - CATALOGING SOURCE | |
| Original cataloging agency | DLC |
| Transcribing agency | MB |
| Modifying agency | DLC |
| -- | FISKH |
| Language of cataloging | eng |
| 050 00 - LIBRARY OF CONGRESS CALL NUMBER | |
| Classification number | PZ8.G276 |
| 082 ## - DEWEY DECIMAL CLASSIFICATION NUMBER | |
| Classification number | 813.54 |
| 100 1# - MAIN ENTRY--PERSONAL NAME | |
| Personal name | Geisel, Theodor Seuss |
| Titles and words associated with a name | Dr. |
| 245 10 - TITLE STATEMENT | |
| Title | Fox in socks, |
| Statement of responsibility, etc. | by Dr. Seuss. |
| 260 ## - PUBLICATION, DISTRIBUTION, ETC. | |
| Place of publication, distribution, etc. | New York |
| Name of publisher, distributor, etc. | Random House |
| Date of publication, distribution, etc. | 2016 |
| 300 ## - PHYSICAL DESCRIPTION | |
| Extent | 30 leaves of plates |
| Other physical details | col. illus. |
| Dimensions | 28 cm. |
| 505 ## - FORMATTED CONTENTS NOTE | |
| Formatted contents note | F |
| 520 ## - SUMMARY, ETC. | |
| Summary, etc. | Find out how wacky words can be with Dr. Seuss and the Fox in Socks in this classic hardcover picture book of tongue tanglers! This rhyming romp includes chicks with bricks, chewy blue glue, a noodle eating poodle, and so much more! Just try to keep your tongue out of trouble! Seuss piles his the energetic rhymes into a mountain of hilarity that the whole family will enjoy. Rhyming has never been this fun! Originally created by Dr. Seuss himself, Beginner Books are fun, funny, and easy to read. |
| 521 8# - TARGET AUDIENCE NOTE | |
| Target audience note | 380 <br/> |
| Source | Lexile |
| 521 8# - TARGET AUDIENCE NOTE | |
| Target audience note | F |
| Source | Raz-Plus |
| 906 ## - LOCAL DATA ELEMENT F, LDF (RLIN) | |
| a | 7 |
| b | cbc |
| c | orignew |
| d | u |
| e | ocip |
| f | 19 |
| g | y-gencatlg |
| 942 ## - ADDED ENTRY ELEMENTS (KOHA) | |
| Source of classification or shelving scheme | Dewey Decimal Classification |
| Koha item type | Books |
| Suppress in OPAC | No |
| Withdrawn status | Lost status | Source of classification or shelving scheme | Damaged status | Not for loan | Collection | Home library | Current library | Shelving location | Date acquired | Total Checkouts | Full call number | Barcode | Date last seen | Date last checked out | Copy number | Price effective from | Koha item type |
|---|---|---|---|---|---|---|---|---|---|---|---|---|---|---|---|---|---|
| Dewey Decimal Classification | Juvenile Fiction | Footprints International School Library Network Toul Kork Campus | Footprints International School Library Network Toul Kork Campus | 03/03/2023 | 12 | GEI 813.54 PZ8.G276 | FISBK073115 | 02/25/2026 | 02/11/2026 | 1 | 03/03/2023 | Books | |||||
| Dewey Decimal Classification | Juvenile Fiction | Footprints International School Library Network Toul Kork Campus | Footprints International School Library Network Toul Kork Campus | TK Primary Library Room(4th Floor), Bookcase 1&2, Shelves 1-16, Dark Blue Books | 03/03/2023 | 6 | GEI 813.54 PZ8.G276 | FISTK01614 | 03/19/2026 | 03/12/2026 | 2 | 03/03/2023 | Books |
